000 00315nam a2200109Ia 4500
008 170221s9999 xx 000 0 und d
245 _aEditorial: AABFJ Volume 8, Issue 7
260 _c2012
300 _a32 : 17
650 _xBusiness
856 _uhttp://ro.uow.edu.au/cgi/viewcontent.cgi?article=1514&context=aabfj
999 _c311389
_d311389